00424nam a22001452 4500001001100000005001700011008004100028020002600069040001500095100002900110245004300139260003400182300001200216650005000228000000869520151217152039.0080514s xx 000 0 eng d a0877849323 :cKES 700 aKABUcKABU1 aBruce, F. F.@000015791410aJesus :bLord & savior /cF. F. Bruce. aDowners Grove. :bIVP,c1986. a228 p. 0aJesus ChristxPerson and offices.@0000159087